000 00641nam a2200229Ia 4500
003 OSt
005 20220918192002.0
006 a|||||r|||| 00| 0
007 ta
008 220917b |||||||| |||| 00| 0 eng d
024 _a66,398
037 _cTextual
040 _aARTS
_cARTS
_beng
041 _2eng
_aeng
082 _aR2, K7
100 _aAune Bruce
_977992
245 0 _aKnowledge mind and nature
_b an introduction to theory of knowledge and thge philosophy of mind
260 _aCalifornia
_bRidgeview Pub
_c1967
650 _aPHILOSOPHY
942 _hR2, K7
_cTEXL
_2CC
999 _c192631
_d192631